000 01580nam a22002177a 4500
999 _c59093
_d59093
003 Ge_BSU
005 20221124113837.0
008 221124s1987ge xxu||||| |||| 00| 0 geo d
041 _ageo
080 _a821.112.2.03=353.1 უ-84
245 _aუფროსი ედა ; სიმღერა ნიბელუნგებზე :
_b[გერმანული საგმირო ეპოსი] /
_cთარგმნა: გიორგი კალანდაძემ, კონსტანტინე ჭიჭინაძემ ; რედაქტორი, წინასიტყვაობის და კომენტარების ავტორი დავით ლაშქარაძე.
264 _aთბილისი :
_bსაბჭოთა საქართველო,
_c1983.
300 _a656 გვ. ;
_b21 სმ.
440 _aმსოფლიო ლიტერატურის ბიბლიოთეკა ტ. 7
_916030
501 _aკომენტარები: გვ. 611-653.
653 _aგერმანული საგმირო ეპოსი.
700 _aკალანდაძე, გიორგი
_eმთარგმნელი
_916031
700 _aჭიჭინაძე, კონსტანტინე
_eმთარგმნელი
_916032
700 _aლაშქარაძე, დავით
_eრედაქტორი, წინასიტყვაობის და კომენტარების ავტორი
_916033
942 _2udc
_cBK